Comissió Mixta de Traspàs de Serveis i Recursos de les Diputacions a la Generalitat o als Consells Comarcals : transferències en matèria d'esport transferències en matèria d'esport
Publicado:
Barcelona :
Generalitat de Catalunya. Departament de Governació. Direcció General d'Administració Local ,
1990
Descripción Física:
29 cm
MARC
| LEADER | 00000nam a2200000Ia 4500 | ||
|---|---|---|---|
| 001 | 21681 | ||
| 008 | 160829s1990 xx 000 0 cat d | ||
| 080 | |a M-6-220 | ||
| 245 | |a Comissió Mixta de Traspàs de Serveis i Recursos de les Diputacions a la Generalitat o als Consells Comarcals : |b transferències en matèria d'esport | ||
| 260 | |a Barcelona : |b Generalitat de Catalunya. Departament de Governació. Direcció General d'Administració Local, |c 1990 | ||
| 300 | |a 29 cm | ||
| 590 | |a Prové de A-268, exp. 2 | ||
| 650 | |a Diputacions províncials |x Traspassos de serveis |9 47762 | ||
| 650 | |a Esports |9 34364 | ||
| 710 | 1 | |a Catalunya. |b Direcció General d'Administració Local |9 53065 | |
| 901 | |a Arxiu | ||
| 942 | |n 1 | ||
| 952 | |0 0 |1 0 |4 0 |6 M6220 |7 1 |9 54082 |a Arxiu |b Arxiu |d 2016-12-01 |l 0 |o M-6-220 |p 21681 |r 2016-12-01 00:00:00 |w 2016-12-01 |y ARXIU | ||
| 999 | |c 57950 |d 57950 | ||